[Event "FRA-ch U12 Girls"]
[Site "Gonfreville"]
[Date "2016.??.??"]
[Round "4"]
[White "Page, Soline"]
[Black "Randrianarimanana, Alicia"]
[Result "1-0"]
[WhiteElo "1400"]
[BlackElo "1397"]
[PlyCount "109"]
[EventDate "2016.04.22"]
[EventType "swiss"]
[EventRounds "9"]
[EventCountry "FRA"]
[SourceTitle "EXT 2019"]
[Source "ChessBase"]
[SourceDate "2018.10.10"]
[SourceVersion "1"]
[SourceVersionDate "2018.10.10"]
[SourceQuality "1"]

1. e4 c5 2. d4 cxd4 3. c3 dxc3 4. Nxc3 g6 5. f4 Bg7 6. Nf3 Nc6 7. Bc4 e6 8. Be3 Nge7 9. 0-0 0-0 10. Qd2 a6 11. Rac1 b5 12. Bb3 Na5 13. Nd4 Nxb3 14. Nxb3 Bb7 15. Nc5 Bc6 16. Rfd1 d5 17. exd5 Nxd5 18. Nxd5 Bxd5 19. f5 gxf5 20. Bh6 Re8 21. Bxg7 Kxg7 22. Rc3 Qh4 23. Rg3+ Kf6 24. Qc3+ Ke7 25. Rxd5 Red8 26. Rdd3 Qf6 27. Qxf6+ Kxf6 28. Nd7+ Ke7 29. Ne5 Rdc8 30. Rc3 Kf6 31. Nd7+ Ke7 32. Nb6 Rxc3 33. Rxc3 Rb8 34. Rc6 a5 35. a4 bxa4 36. Nxa4 Rb4 37. b3 Rxb3 38. Rc5 Kf6 39. h4 h5 40. Rxa5 Rg3 41. Kh2 Rg4 42. g3 Kg6 43. Nc3 f4 44. gxf4 Rxh4+ 45. Kg3 Rg4+ 46. Kf3 Rg1 47. Ne2 Rd1 48. Rg5+ Kh6 49. Ng3 h4 50. Rh5+ Kg6 51. Rxh4 Rd3+ 52. Kg2 Re3 53. Rg4+ Kf6 54. Kf2 Re4 55. Nxe4+ 1-0

[Event "Toulouse Petit Capitole op"]
[Site "Toulouse"]
[Date "2015.05.30"]
[Round "2"]
[White "Page, Soline"]
[Black "Gipouloux, Laurent"]
[Result "1-0"]
[WhiteElo "1403"]
[BlackElo "1662"]
[PlyCount "51"]
[EventDate "2015.05.30"]
[EventType "swiss"]
[EventRounds "6"]
[EventCountry "FRA"]
[SourceTitle "EXT 2016"]
[Source "ChessBase"]
[SourceDate "2015.10.08"]
[SourceVersion "1"]
[SourceVersionDate "2015.10.08"]
[SourceQuality "1"]

1. e4 e5 2. Nf3 Nc6 3. Bc4 Bc5 4. b4 Bxb4 5. c3 Ba5 6. d4 exd4 7. 0-0 d6 8. cxd4 Bd7 9. Qb3 Qe7 10. Nc3 Bxc3 11. Qxc3 Nf6 12. e5 Ne4 13. Qe3 Bf5 14. Ba3 Qd7 15. exd6 cxd6 16. Ng5 d5 17. Bd3 0-0-0 18. Nxe4 dxe4 19. Bxe4 Bxe4 20. Qxe4 Qxd4 21. Qf5+ Qd7 22. Qc5 Kb8 23. Rab1 Rhe8 24. Qb5 Re5 25. Bd6+ Ka8 26. Bxe5 1-0

[Event "Toulouse Petit Capitole op"]
[Site "Toulouse"]
[Date "2015.05.30"]
[Round "3"]
[White "Page, Soline"]
[Black "Grimault, Nathan"]
[Result "0-1"]
[WhiteElo "1403"]
[BlackElo "2068"]
[PlyCount "118"]
[EventDate "2015.05.30"]
[EventType "swiss"]
[EventRounds "6"]
[EventCountry "FRA"]
[SourceTitle "EXT 2016"]
[Source "ChessBase"]
[SourceDate "2015.10.08"]
[SourceVersion "1"]
[SourceVersionDate "2015.10.08"]
[SourceQuality "1"]

1. e4 c5 2. Nc3 e6 3. f4 d5 4. exd5 exd5 5. Nf3 Nf6 6. Bb5+ Bd7 7. Bxd7+ Nbxd7 8. d4 cxd4 9. Nxd4 Bb4 10. Bd2 0-0 11. 0-0 Re8 12. a3 Bc5 13. Nce2 Rxe2 14. Qxe2 Bxd4+ 15. Kh1 Ne4 16. Be3 Qh4 17. Rf3 Re8 18. Qb5 Bxe3 19. Qxd7 Nf6 20. Qh3 Qxh3 21. Rxh3 Bxf4 22. Rf3 Bc7 23. Rd1 Re2 24. Rc3 Re7 25. Kg1 Bb6+ 26. Kf1 g6 27. Re1 Rd7 28. Rd3 Ng4 29. h3 Nf6 30. c4 dxc4 31. Rxd7 Nxd7 32. Re4 c3 33. bxc3 Kg7 34. Ke2 Kf6 35. g4 Nc5 36. Re8 Ne6 37. Kf3 Bc5 38. Rb8 b6 39. a4 a5 40. h4 h5 41. g5+ Nxg5+ 42. hxg5+ Kxg5 43. Re8 f6 44. Re4 f5 45. Rc4 Kf6 46. Kf4 g5+ 47. Kf3 h4 48. Kg2 g4 49. Rf4 Kg5 50. Rf1 h3+ 51. Kh1 g3 52. Rd1 Kg4 53. c4 f4 54. Re1 h2 55. Rf1 Kh3 56. Rf3 Kg4 57. Rf1 Bf2 58. Rd1 Kh3 59. Rd3 Be3 0-1

[Event "Toulouse Lardenne op 2nd"]
[Site "Toulouse"]
[Date "2014.05.18"]
[Round "1"]
[White "Page, Soline"]
[Black "Grimault, Lou"]
[Result "1-0"]
[WhiteElo "1540"]
[BlackElo "1309"]
[PlyCount "55"]
[EventDate "2014.05.17"]
[EventType "swiss"]
[EventRounds "6"]
[EventCountry "FRA"]
[SourceTitle "EXT 2015"]
[Source "ChessBase"]
[SourceDate "2014.11.20"]
[SourceVersion "1"]
[SourceVersionDate "2014.11.20"]
[SourceQuality "1"]

1. e4 e6 2. d4 d5 3. Nc3 Bb4 4. e5 f6 5. Nf3 Nc6 6. a3 Ba5 7. b4 Bb6 8. Bb5 Bd7 9. 0-0 a6 10. Bxc6 Bxc6 11. Be3 Ne7 12. Nh4 0-0 13. Qg4 Qd7 14. exf6 Rxf6 15. Ne2 Bb5 16. Rfe1 Bxe2 17. Rxe2 Nf5 18. Nxf5 exf5 19. Qf3 f4 20. Bxf4 Bxd4 21. Rd1 Bb2 22. Qb3 Bxa3 23. Bg5 Rg6 24. Bh4 Qg4 25. Qxd5+ Kf8 26. Be7+ Ke8 27. Bc5+ Qxe2 28. Qd7# 1-0